Pokemon commençant par la lettre I - Gen 1 à 9 - Statistiques

Statistiques générales
  • Ce quiz a été pris 33 fois
  • Le résultat moyen est 3 sur 5
Statistiques - réponses
Réponse % Correct
Insécateur
97%
Iguolta
86%
Incisache
62%
Insolourdo
55%
Ixon
45%
Aucun quiz correspondant
Distribution des résultats
% des personnes avec chaque résultat
Percentile par nombre de réponses
Votre historique - résultats
Vous n’avez pas pris ce quiz